Pays les plus proches de la Guyane - Mort subite - Statistiques

Statistiques générales
  • Ce quiz a été pris 114 fois
  • Le résultat moyen est 4 sur 15
Answers on the Grid
Answers color-coded by a green-red scale on the quiz's grid according to % correct below.
Brésil
Venezuela
Suriname
Trinité-et-Tobago
Grenade
Saint-Vincent-et-les-Grenadines
Barbade
Sainte-Lucie
Dominique
Antigua-et-Barbuda
Saint-Vincent-et-les-Grenadines
Colombie
Pérou
République dominicaine
Bolivie
Haïti
Panama
Costa Rica
Honduras
Guatemala
Belize
El Salvador
Mexique
Cuba
Haïti
États-Unis
Équateur
Paraguay
Chili
Argentine
 
Statistiques - réponses
Réponse % Correct
Brésil
76%
Suriname
65%
Venezuela
47%
Colombie
32%
Trinité-et-Tobago
28%
Sainte-Lucie
19%
Saint-Vincent-et-les-Grenadines
18%
Bolivie
16%
Grenade
16%
Saint-Vincent-et-les-Grenadines
16%
Pérou
13%
Antigua-et-Barbuda
10%
Dominique
9%
République dominicaine
9%
Barbade
7%
Aucun quiz correspondant
Distribution des résultats
% des personnes avec chaque résultat
Percentile par nombre de réponses
Votre historique - résultats
Vous n’avez pas pris ce quiz